000 00400nam a22001457a 4500
005 20200620124952.0
008 200620b xxu||||| |||| 00| 0 eng d
082 _a345.4 AIR
110 _aALL INDIA REPORTER
_96263
245 _aALL INDIA REPORTER, [APRIL-2019] [4], VOL-106 [PART-1264]
260 _aMUMBAI
_bALL INDIA REPORTER, PVT. LTD.
300 _a56;p
650 _aLAW
_95701
942 _cJRL
999 _c7379
_d7377